| 000 | 00730nam a22002177a 4500 | ||
|---|---|---|---|
| 005 | 20130521122145.0 | ||
| 010 | _aENG-107208 | ||
| 020 |
_a9788125047308 _c545.00 |
||
| 035 | _aEN-90741 | ||
| 037 | _bDBAD/PUB | ||
| 082 | _a303.4833 | ||
| 100 | _aNayar, Pramod K. | ||
| 245 | 0 | 0 |
_aDigital cool : _cby Pramod K. Nayar _blife in the age of new media / |
| 260 |
_aNew Delhi _bOrient Blackswan _c2012 |
||
| 270 |
_a1/24, Asaf Ali Road _bNew Delhi _e110002 |
||
| 300 |
_axii,251p. _c21cm(Hb) |
||
| 500 | _aIncludes bibliographical references (p. [225]-244) and index. | ||
| 650 |
_aInformation technology _x Social aspects. |
||
| 650 |
_a Telecommunication _xSocial aspects. |
||
| 942 |
_2ddc _cEN _mNAY _h303.4833 |
||
| 999 |
_c75836 _d75836 |
||